000 00558 a2200169 4500
005 20250507122523.0
020 _a978-0-324-42145-3
082 _aLECT 330 HAL
100 _aHALL, R, E.
245 _aEconomics: Principles and Application
250 _a4th Ed,
260 _aCanada,
_bThomson South-Western,
_c2008.
300 _axxiii, 893p.: ill.; figures, graph, picture, tables
_bglossary, index
_c26cm,
700 _aLIEBERMAN, M.
856 _yAccess online book
_fEconomics: Principles and Application
_dwww.thomsonedu.com/economics
942 _2ddc
_cBKS
999 _c2105
_d2105